000 00669nam a2200217Ia 4500
008 100315s9999 xx 000 0 und d
040 _cENGLISH 
082 _b7137 
_a658.1527 
100 _aMurthy Guruprasad
245 _aCapital Investment Decisions in Indian Industry
260 _aBombay 
_bHimalaya  
_c1985 
300 _a355 
365 _eRupees 
_d
_b0.00 
366 _f
505 _gVaibhav 
530 _bDonated by RBI Library  
620 _a"Capital Investment,Indian Industry "
630 _aCapital Investment Decisions in Indian Industry
730 _aCapital Investment Decisions in Indian Industry
942 _cBOOK
999 _c481872
_d481869